000 00313nam a22001337a 4500
008 171010b xxu||||| |||| 00| 0 eng d
020 _a9780072824162
041 _aeng
080 _25 ED
_a316
100 _a50
101 _aSOC
245 _aSOCIOLOGY A BRIEF INTTRODUCTION
_cSCHAEFER.R.T
942 _2udc
_cBK
999 _c32933
_d32933